Länder auf Niederländisch - Statistiken

Allgemein
  • Dieses Quiz wurde 71 mal gespielt
  • Das Durchschnittsergebnis liegt bei 5 aus 15
Antwortstatistiken
Deutscher name Niederländischer Name % Korrekt
Deutschland Duitsland
84%
Niederlande Nederland
77%
Frankreich Frankrijk
56%
Spanien Spanje
44%
Morocco Marokko
34%
Agypten Egypte
27%
Turkei Turkije
26%
Schweden Zweden
26%
Schweiz Zwitserland
24%
Brasilien Brazilie
23%
Zentralafrikanische Republik Centraal Afrikaanse Republiek
16%
Vereinigte Staaten Verenigde Staten
16%
Ungarn Hongarije
15%
Tschechien Tsjechie
15%
Kap Verde Kaapverdie
11%
Keine übereinstimmenden Quizze gefunden
Verteilung der Resultate
Anzahl Personen mit jedem Resultat
Perzentil nach korrekt beantworteten Fragen
Ihre Resultats-Entwicklung
Sie haben dieses Quiz noch nicht gespielt